00489nam a2200133Ia 4500008004100000082001500041100004600056245006300102260004600165300001000211942001200221999001900233952010300252210430s9999 xx 000 0 und d a310 G212 S aHenry E. Garrett, R.S. Woodworth.9128948 aStatistics in Psychology and education /cHenry E. Garrett aIslamabadbNational Book Foundationc2000 a546p. cBK2ddc c561687d561687 001040708NFICaSCMEbSCMEcGENd0006-08-11l0o310 G212 SpSCME-522r2021-04-30w2021-04-30yBK